Podiums comparés (2) JP Tokyo / JP Paris par discipline - Statistiques

Statistiques générales
  • Ce quiz a été pris 3 fois
  • Le résultat moyen est 272 sur 410
Statistiques - réponses
Pays % Correct
Tokyo Tennis de table Classe 6 Bronze Allemagne F
100%
Tokyo Athlétisme Saut en longueur T44-62-64 Or Allemagne H
100%
Tokyo Athlétisme Saut en longueur T42-61-63 Argent Allemagne H
100%
Tokyo Athlétisme 400m T62 Or Allemagne H
100%
Tokyo Athlétisme 200m T44-64 Argent Allemagne H
100%
Tokyo Athlétisme 100m T44-62-64 Or Allemagne H
100%
Tokyo Athlétisme 100m T42-63 Bronze Allemagne H
100%
Paris Tennis de table Classe 8 Bronze Allemagne F
100%
Paris Tennis de table Classe 4 Or Allemagne F
100%
Paris Athlétisme Saut en longueur T44-62-64 Or Allemagne H
100%
Paris Athlétisme 400m T62 Argent Allemagne H
100%
Tokyo Tennis de table Classe 9 Or Australie F
100%
Tokyo Tennis de table Classe 10 Or Australie F
100%
Tokyo Athlétisme Saut en longueur T20 Bronze Australie H
100%
Tokyo Athlétisme Marathon T11-12 Argent Australie H
100%
Tokyo Athlétisme 5000m T12-13 Argent Australie H
100%
Tokyo Athlétisme 400m T36 Or Australie H
100%
Tokyo Athlétisme 1500m T37-38 Bronze Australie H
100%
Tokyo Athlétisme 1500m T12-13 Bronze Australie H
100%
Tokyo Athlétisme 100m T38 Bronze Australie H
100%
Tokyo Athlétisme 100m T36 Argent Australie H
100%
Tokyo Athlétisme 100m T34 Argent Australie H
100%
Paris Tennis de table Classe 9 Bronze Australie F
100%
Paris Tennis de table Classe 10 Or Australie F
100%
Paris Athlétisme 800m T33-34 Bronze Australie H
100%
Paris Athlétisme 400m T36 Or Australie H
100%
Paris Athlétisme 1500m T45-46 Argent Australie H
100%
Paris Athlétisme 1500m T37-38 Bronze Australie H
100%
Paris Athlétisme 100m T36 Or Australie H
100%
Tokyo Tennis de table Classe 9 Argent Chine F
100%
Tokyo Tennis de table Classe 8 Or Chine F
100%
Tokyo Tennis de table Classe 8 Argent Chine F
100%
Tokyo Tennis de table Classe 5 Or Chine F
100%
Tokyo Tennis de table Classe 5 Argent Chine F
100%
Tokyo Tennis de table Classe 4 Or Chine F
100%
Tokyo Tennis de table Classe 4 Bronze Chine F
100%
Tokyo Tennis de table Classe 4 Bronze Chine F
100%
Tokyo Tennis de table Classe 3 Or Chine F
100%
Tokyo Tennis de table Classe 1-2 Or Chine F
100%
Tokyo Athlétisme Saut en longueur T38 Or Chine H
100%
Tokyo Athlétisme Saut en longueur T38 Argent Chine H
100%
Tokyo Athlétisme Saut en longueur T11 Or Chine H
100%
Tokyo Athlétisme Marathon T52-53-54 Argent Chine H
100%
Tokyo Athlétisme 800m T54 Argent Chine H
100%
Tokyo Athlétisme 800m T33-34 Bronze Chine H
100%
Tokyo Athlétisme 400m T54 Bronze Chine H
100%
Tokyo Athlétisme 100m T38 Argent Chine H
100%
Tokyo Athlétisme 100m T36 Or Chine H
100%
Tokyo Athlétisme 100m T11 Bronze Chine H
100%
Paris Tennis de table Classe 9 Argent Chine F
100%
Paris Tennis de table Classe 8 Or Chine F
100%
Paris Tennis de table Classe 7 Argent Chine F
100%
Paris Tennis de table Classe 7 Bronze Chine F
100%
Paris Tennis de table Classe 5 Or Chine F
100%
Paris Tennis de table Classe 5 Argent Chine F
100%
Paris Tennis de table Classe 5 Bronze Chine F
100%
Paris Tennis de table Classe 5 Bronze Chine F
100%
Paris Tennis de table Classe 4 Bronze Chine F
100%
Paris Tennis de table Classe 4 Bronze Chine F
100%
Paris Tennis de table Classe 3 Bronze Chine F
100%
Paris Tennis de table Classe 1-2 Argent Chine F
100%
Paris Athlétisme Saut en longueur T45-46-47 Argent Chine H
100%
Paris Athlétisme Saut en longueur T38 Argent Chine H
100%
Paris Athlétisme Saut en longueur T11 Or Chine H
100%
Paris Athlétisme Saut en longueur T11 Argent Chine H
100%
Paris Athlétisme Marathon T52-53-54 Argent Chine H
100%
Paris Athlétisme 800m T54 Or Chine H
100%
Paris Athlétisme 800m T54 Argent Chine H
100%
Paris Athlétisme 400m T54 Or Chine H
100%
Paris Athlétisme 1500m T54 Or Chine H
100%
Paris Athlétisme 1500m T54 Bronze Chine H
100%
Paris Athlétisme 100m T36 Bronze Chine H
100%
Paris Athlétisme 100m T11 Bronze Chine H
100%
Tokyo Athlétisme Saut en longueur T13 Argent Espagne H
100%
Tokyo Athlétisme 5000m T12-13 Or Espagne H
100%
Tokyo Athlétisme 400m T11 Or Espagne H
100%
Paris Athlétisme Saut en longueur T11 Bronze Espagne H
100%
Paris Athlétisme 5000m T12-13 Or Espagne H
100%
Paris Athlétisme 400m T20 Argent Espagne H
100%
Tokyo Athlétisme Saut en longueur T45-46-47 Argent Etats-Unis H
100%
Tokyo Athlétisme Saut en longueur T44-62-64 Bronze Etats-Unis H
100%
Tokyo Athlétisme Saut en longueur T13 Bronze Etats-Unis H
100%
Tokyo Athlétisme Saut en longueur T11 Argent Etats-Unis H
100%
Tokyo Athlétisme Marathon T52-53-54 Bronze Etats-Unis H
100%
Tokyo Athlétisme 400m T62 Bronze Etats-Unis H
100%
Tokyo Athlétisme 400m T54 Or Etats-Unis H
100%
Tokyo Athlétisme 400m T52 Argent Etats-Unis H
100%
Tokyo Athlétisme 400m T37 Argent Etats-Unis H
100%
Tokyo Athlétisme 400m T12 Argent Etats-Unis H
100%
Tokyo Athlétisme 200m T44-64 Bronze Etats-Unis H
100%
Tokyo Athlétisme 200m T37 Or Etats-Unis H
100%
Tokyo Athlétisme 100m T52 Or Etats-Unis H
100%
Tokyo Athlétisme 100m T37 Or Etats-Unis H
100%
Tokyo Athlétisme 100m T12 Argent Etats-Unis H
100%
Paris Athlétisme Saut en longueur T44-62-64 Argent Etats-Unis H
100%
Paris Athlétisme Saut en longueur T44-62-64 Bronze Etats-Unis H
100%
Paris Athlétisme Saut en longueur T13 Argent Etats-Unis H
100%
Paris Athlétisme 800m T53 Bronze Etats-Unis H
100%
Paris Athlétisme 5000m T53-54 Or Etats-Unis H
100%
Paris Athlétisme 400m T62 Or Etats-Unis H
100%
Paris Athlétisme 400m T54 Bronze Etats-Unis H
100%
Paris Athlétisme 400m T53 Bronze Etats-Unis H
100%
Paris Athlétisme 400m T45-46-47 Argent Etats-Unis H
100%
Paris Athlétisme 400m T38 Or Etats-Unis H
100%
Paris Athlétisme 400m T38 Argent Etats-Unis H
100%
Paris Athlétisme 400m T12 Argent Etats-Unis H
100%
Paris Athlétisme 1500m T20 Bronze Etats-Unis H
100%
Paris Athlétisme 100m T45-46-47 Argent Etats-Unis H
100%
Paris Athlétisme 100m T42-63 Or Etats-Unis H
100%
Paris Athlétisme 100m T38 Or Etats-Unis H
100%
Paris Athlétisme 100m T38 Argent Etats-Unis H
100%
Paris Athlétisme 100m T12 Argent Etats-Unis H
100%
Tokyo Tennis de table Classe 8 Bronze France F
100%
Tokyo Tennis de table Classe 7 Bronze France F
100%
Tokyo Tennis de table classe 11 Argent France F
100%
Tokyo Athlétisme Saut en longueur T44-62-64 Argent France H
100%
Tokyo Athlétisme Saut en longueur T11 Bronze France H
100%
Tokyo Athlétisme 800m T53 Bronze France H
100%
Tokyo Athlétisme 400m T20 Or France H
100%
Tokyo Athlétisme 400m T11 Bronze France H
100%
Tokyo Athlétisme 100m T11 Argent France H
100%
Paris Athlétisme 400m T11 Argent France H
100%
Paris Athlétisme 1500m T45-46 Bronze France H
100%
Paris Athlétisme 100m T11 Argent France H
100%
Tokyo Athlétisme 100m T44-62-64 Bronze Royaume-Uni | Allemagne H
100%
Tokyo Athlétisme Saut en longueur T42-61-63 Or Afrique-du-Sud H
67%
Paris Athlétisme 200m T44-64 Bronze Afrique-du-Sud H
67%
Paris Athlétisme 100m T44-62-64 Bronze Afrique-du-Sud H
67%
Tokyo Athlétisme Saut en longueur T37 Argent Argentine H
67%
Tokyo Athlétisme 100m T36 Bronze Argentine H
67%
Paris Athlétisme Saut en longueur T37 Or Argentine H
67%
Paris Athlétisme Saut en longueur T12 Bronze Argentine H
67%
Paris Athlétisme 400m T36 Bronze Argentine H
67%
Paris Athlétisme 100m T36 Argent Argentine H
67%
Tokyo Athlétisme 200m T51 Argent Belgique H
67%
Tokyo Athlétisme 200m T51 Bronze Belgique H
67%
Tokyo Athlétisme 100m T51 Or Belgique H
67%
Tokyo Athlétisme 100m T51 Bronze Belgique H
67%
Paris Athlétisme 400m T52 Or Belgique H
67%
Paris Athlétisme 200m T51 Bronze Belgique H
67%
Paris Athlétisme 100m T52 Or Belgique H
67%
Paris Athlétisme 100m T51 Argent Belgique H
67%
Tokyo Tennis de table Classe 10 Argent Brésil F
67%
Tokyo Tennis de table Classe 1-2 Bronze Brésil F
67%
Tokyo Athlétisme Saut en longueur T37 Bronze Brésil H
67%
Tokyo Athlétisme 5000m T11 Or Brésil H
67%
Tokyo Athlétisme 400m T45-46-47 Argent Brésil H
67%
Tokyo Athlétisme 400m T45-46-47 Bronze Brésil H
67%
Tokyo Athlétisme 200m T37 Bronze Brésil H
67%
Tokyo Athlétisme 1500m T11 Or Brésil H
67%
Tokyo Athlétisme 100m T45-46-47 Or Brésil H
67%
Tokyo Athlétisme 100m T45-46-47 Bronze Brésil H
67%
Tokyo Athlétisme 100m T42-63 Argent Brésil H
67%
Paris Tennis de table Classe 10 Bronze Brésil F
67%
Paris Athlétisme Saut en longueur T37 Bronze Brésil H
67%
Paris Athlétisme Saut en longueur T36 Argent Brésil H
67%
Paris Athlétisme Saut en longueur T13 Bronze Brésil H
67%
Paris Athlétisme 5000m T11 Or Brésil H
67%
Paris Athlétisme 5000m T11 Bronze Brésil H
67%
Paris Athlétisme 400m T37 Argent Brésil H
67%
Paris Athlétisme 200m T37 Argent Brésil H
67%
Paris Athlétisme 200m T37 Bronze Brésil H
67%
Paris Athlétisme 1500m T11 Or Brésil H
67%
Paris Athlétisme 1500m T11 Bronze Brésil H
67%
Paris Athlétisme 100m T53 Bronze Brésil H
67%
Paris Athlétisme 100m T45-46-47 Or Brésil H
67%
Paris Athlétisme 100m T42-63 Bronze Brésil H
67%
Paris Athlétisme 100m T37 Or Brésil H
67%
Paris Athlétisme 100m T12 Bronze Brésil H
67%
Tokyo Athlétisme 1500m T45-46 Argent Bulgarie H
67%
Tokyo Athlétisme 800m T53 Argent Canada H
67%
Tokyo Athlétisme 5000m T53-54 Argent Canada H
67%
Tokyo Athlétisme 400m T53 Argent Canada H
67%
Tokyo Athlétisme 400m T38 Bronze Canada H
67%
Tokyo Athlétisme 1500m T37-38 Or Canada H
67%
Tokyo Athlétisme 100m T53 Argent Canada H
67%
Paris Athlétisme 800m T53 Or Canada H
67%
Paris Athlétisme 800m T33-34 Or Canada H
67%
Paris Athlétisme 400m T53 Argent Canada H
67%
Paris Athlétisme 200m T51 Or Canada H
67%
Paris Athlétisme 1500m T37-38 Argent Canada H
67%
Paris Athlétisme 100m T34 Bronze Canada H
67%
Paris Tennis de table Classe 8 Bronze Chili F
67%
Paris Tennis de table Classe 3 Or Croatie F
67%
Tokyo Athlétisme Saut en longueur T42-61-63 Bronze Danemark H
67%
Paris Athlétisme Saut en longueur T42-61-63 Argent Danemark H
67%
Paris Athlétisme 100m T42-63 Argent Danemark H
67%
Tokyo Athlétisme 200m T51 Or Finlande H
67%
Tokyo Athlétisme 100m T54 Argent Finlande H
67%
Tokyo Athlétisme 100m T51 Argent Finlande H
67%
Paris Athlétisme 200m T51 Argent Finlande H
67%
Paris Athlétisme 100m T54 Bronze Finlande H
67%
Paris Athlétisme 100m T51 Bronze Finlande H
67%
Tokyo Athlétisme Saut en longueur T20 Argent Grèce H
67%
Tokyo Athlétisme 100m T11 Or Grèce H
67%
Paris Athlétisme 100m T11 Or Grèce H
67%
Tokyo Tennis de table Classe 4 Argent Inde F
67%
Tokyo Athlétisme 100m T13 Or Irlande H
67%
Tokyo Athlétisme 1500m T20 Bronze Italie H
67%
Paris Tennis de table Classe 3 Bronze Italie F
67%
Paris Tennis de table Classe 1-2 Or Italie F
67%
Tokyo Tennis de table classe 11 Bronze Japon F
67%
Tokyo Athlétisme Marathon T11-12 Bronze Japon H
67%
Tokyo Athlétisme 5000m T11 Argent Japon H
67%
Tokyo Athlétisme 5000m T11 Bronze Japon H
67%
Tokyo Athlétisme 400m T52 Or Japon H
67%
Tokyo Athlétisme 400m T52 Bronze Japon H
67%
Tokyo Athlétisme 1500m T11 Argent Japon H
67%
Tokyo Athlétisme 100m T52 Argent Japon H
67%
Paris Tennis de table classe 11 Or Japon F
67%
Paris Tennis de table classe 11 Bronze Japon F
67%
Paris Athlétisme Marathon T52-53-54 Bronze Japon H
67%
Paris Athlétisme Marathon T11-12 Argent Japon H
67%
Paris Athlétisme 5000m T11 Argent Japon H
67%
Paris Athlétisme 400m T52 Argent Japon H
67%
Paris Athlétisme 400m T52 Bronze Japon H
67%
Paris Athlétisme 400m T13 Argent Japon H
67%
Paris Athlétisme 100m T52 Bronze Japon H
67%
Paris Athlétisme 100m T13 Bronze Japon H
67%
Tokyo Athlétisme 400m T38 Or Mexique H
67%
Tokyo Athlétisme 100m T54 Bronze Mexique H
67%
Tokyo Athlétisme 100m T52 Bronze Mexique H
67%
Paris Athlétisme 100m T54 Or Mexique H
67%
Tokyo Tennis de table Classe 8 Bronze Norvège F
67%
Tokyo Athlétisme 100m T12 Or Norvège H
67%
Paris Tennis de table Classe 8 Argent Norvège F
67%
Paris Athlétisme 100m T13 Argent Norvège H
67%
Tokyo Athlétisme Saut en longueur T36 Argent Nouvelle-Zélande H
67%
Tokyo Athlétisme 400m T36 Bronze Nouvelle-Zélande H
67%
Paris Athlétisme 400m T45-46-47 Or Nouvelle-Zélande H
67%
Paris Athlétisme 400m T36 Argent Nouvelle-Zélande H
67%
Tokyo Tennis de table Classe 7 Or Pays-Bas F
67%
Tokyo Athlétisme 400m T62 Argent Pays-Bas H
67%
Paris Tennis de table Classe 7 Or Pays-Bas F
67%
Paris Athlétisme Saut en longueur T42-61-63 Or Pays-Bas H
67%
Paris Athlétisme Saut en longueur T42-61-63 Bronze Pays-Bas H
67%
Paris Athlétisme 400m T62 Bronze Pays-Bas H
67%
Paris Athlétisme 200m T44-64 Argent Pays-Bas H
67%
Paris Athlétisme 100m T44-62-64 Argent Pays-Bas H
67%
Paris Athlétisme 1500m T20 Argent Portugal H
67%
Paris Tennis de table Classe 6 Bronze Roumanie F
67%
Tokyo Athlétisme 400m T20 Bronze Royaume-Uni H
67%
Tokyo Athlétisme 1500m T20 Or Royaume-Uni H
67%
Tokyo Athlétisme 100m T38 Or Royaume-Uni H
67%
Paris Athlétisme 1500m T20 Or Royaume-Uni H
67%
Paris Athlétisme 100m T52 Argent Royaume-Uni H
67%
Tokyo Tennis de table Classe 7 Argent Russie F
67%
Tokyo Tennis de table Classe 6 Argent Russie F
67%
Tokyo Tennis de table Classe 6 Bronze Russie F
67%
Tokyo Tennis de table classe 11 Or Russie F
67%
Tokyo Tennis de table Classe 1-2 Bronze Russie F
67%
Tokyo Athlétisme Saut en longueur T45-46-47 Bronze Russie H
67%
Tokyo Athlétisme Saut en longueur T36 Or Russie H
67%
Tokyo Athlétisme 5000m T12-13 Bronze Russie H
67%
Tokyo Athlétisme 400m T53 Bronze Russie H
67%
Tokyo Athlétisme 400m T37 Or Russie H
67%
Tokyo Athlétisme 400m T37 Bronze Russie H
67%
Tokyo Athlétisme 400m T36 Argent Russie H
67%
Tokyo Athlétisme 200m T37 Argent Russie H
67%
Tokyo Athlétisme 200m T35 Or Russie H
67%
Tokyo Athlétisme 200m T35 Bronze Russie H
67%
Tokyo Athlétisme 1500m T45-46 Or Russie H
67%
Tokyo Athlétisme 1500m T20 Argent Russie H
67%
Tokyo Athlétisme 1500m T12-13 Or Russie H
67%
Tokyo Athlétisme 1500m T11 Bronze Russie H
67%
Tokyo Athlétisme 100m T42-63 Or Russie H
67%
Tokyo Athlétisme 100m T37 Argent Russie H
67%
Tokyo Athlétisme 100m T35 Or Russie H
67%
Tokyo Athlétisme 100m T35 Bronze Russie H
67%
Tokyo Athlétisme 100m T12 Bronze Russie H
67%
Tokyo Tennis de table Classe 3 Argent Slovaquie F
67%
Tokyo Athlétisme Marathon T52-53-54 Or Suisse H
67%
Tokyo Athlétisme 800m T54 Or Suisse H
67%
Tokyo Athlétisme 5000m T53-54 Or Suisse H
67%
Tokyo Athlétisme 1500m T54 Or Suisse H
67%
Paris Athlétisme Marathon T52-53-54 Or Suisse H
67%
Paris Athlétisme 800m T54 Bronze Suisse H
67%
Paris Athlétisme 5000m T53-54 Argent Suisse H
67%
Paris Athlétisme 1500m T54 Argent Suisse H
67%
Tokyo Athlétisme 800m T54 Bronze Thaïlande H
67%
Tokyo Athlétisme 800m T53 Or Thaïlande H
67%
Tokyo Athlétisme 5000m T53-54 Bronze Thaïlande H
67%
Tokyo Athlétisme 400m T54 Argent Thaïlande H
67%
Tokyo Athlétisme 400m T53 Or Thaïlande H
67%
Tokyo Athlétisme 1500m T54 Argent Thaïlande H
67%
Tokyo Athlétisme 1500m T54 Bronze Thaïlande H
67%
Tokyo Athlétisme 100m T54 Or Thaïlande H
67%
Tokyo Athlétisme 100m T53 Or Thaïlande H
67%
Paris Athlétisme 800m T53 Argent Thaïlande H
67%
Paris Athlétisme 800m T33-34 Argent Thaïlande H
67%
Paris Athlétisme 400m T54 Argent Thaïlande H
67%
Paris Athlétisme 400m T53 Or Thaïlande H
67%
Paris Athlétisme 400m T45-46-47 Bronze Thaïlande H
67%
Paris Athlétisme 100m T54 Argent Thaïlande H
67%
Paris Athlétisme 100m T53 Argent Thaïlande H
67%
Paris Athlétisme 100m T34 Or Thaïlande H
67%
Tokyo Athlétisme 400m T13 Or Algérie H
33%
Tokyo Athlétisme 1500m T37-38 Argent Algérie H
33%
Tokyo Athlétisme 100m T13 Argent Algérie H
33%
Paris Athlétisme 400m T13 Or Algérie H
33%
Paris Athlétisme 100m T13 Or Algérie H
33%
Tokyo Athlétisme 100m T53 Bronze Arabie saoudite H
33%
Paris Athlétisme 100m T53 Or Arabie saoudite H
33%
Tokyo Athlétisme Saut en longueur T13 Or Azerbaïdjan H
33%
Tokyo Athlétisme Saut en longueur T12 Bronze Azerbaïdjan H
33%
Paris Athlétisme Saut en longueur T13 Or Azerbaïdjan H
33%
Paris Athlétisme Saut en longueur T12 Or Azerbaïdjan H
33%
Tokyo Athlétisme Saut en longueur T38 Bronze Colombie H
33%
Tokyo Athlétisme 100m T13 Bronze Colombie H
33%
Paris Athlétisme Saut en longueur T38 Bronze Colombie H
33%
Paris Athlétisme Saut en longueur T20 Bronze Colombie H
33%
Paris Athlétisme 400m T38 Bronze Colombie H
33%
Paris Athlétisme 400m T20 Or Colombie H
33%
Paris Athlétisme 400m T13 Bronze Colombie H
33%
Paris Athlétisme 100m T38 Bronze Colombie H
33%
Tokyo Tennis de table Classe 5 Bronze Corée-du-Sud F
33%
Tokyo Tennis de table Classe 3 Bronze Corée-du-Sud F
33%
Tokyo Tennis de table Classe 3 Bronze Corée-du-Sud F
33%
Tokyo Tennis de table Classe 1-2 Argent Corée-du-Sud F
33%
Paris Tennis de table Classe 3 Argent Corée-du-Sud F
33%
Paris Tennis de table Classe 1-2 Bronze Corée-du-Sud F
33%
Tokyo Athlétisme 200m T44-64 Or Costa Rica H
33%
Tokyo Athlétisme 100m T44-62-64 Argent Costa Rica H
33%
Paris Athlétisme 200m T44-64 Or Costa Rica H
33%
Paris Athlétisme 100m T44-62-64 Or Costa Rica H
33%
Tokyo Athlétisme 800m T33-34 Argent Emirats Arabes Unis H
33%
Tokyo Athlétisme 100m T34 Bronze Emirats Arabes Unis H
33%
Paris Athlétisme 1500m T11 Argent Ethiopie H
33%
Tokyo Athlétisme 100m T37 Bronze Indonésie H
33%
Paris Athlétisme 100m T37 Argent Indonésie H
33%
Paris Tennis de table Classe 6 Or Irak F
33%
Tokyo Athlétisme Saut en longueur T12 Or Iran H
33%
Tokyo Tennis de table Classe 5 Bronze Jordanie F
33%
Paris Athlétisme Saut en longueur T37 Argent Kenya H
33%
Tokyo Athlétisme Saut en longueur T20 Or Malaisie H
33%
Paris Athlétisme Saut en longueur T20 Argent Malaisie H
33%
Tokyo Athlétisme Marathon T11-12 Or Maroc H
33%
Tokyo Athlétisme 400m T45-46-47 Or Maroc H
33%
Tokyo Athlétisme 400m T13 Argent Maroc H
33%
Tokyo Athlétisme 400m T12 Or Maroc H
33%
Paris Athlétisme 400m T12 Or Maroc H
33%
Paris Athlétisme 100m T45-46-47 Bronze Maroc H
33%
Paris Tennis de table Classe 6 Bronze Neutres F
33%
Paris Tennis de table classe 11 Argent Neutres F
33%
Paris Athlétisme Saut en longueur T45-46-47 Bronze Neutres H
33%
Paris Athlétisme Saut en longueur T38 Or Neutres H
33%
Paris Athlétisme Saut en longueur T36 Or Neutres H
33%
Paris Athlétisme Saut en longueur T20 Or Neutres H
33%
Paris Athlétisme Marathon T11-12 Bronze Neutres H
33%
Paris Athlétisme 5000m T12-13 Argent Neutres H
33%
Paris Athlétisme 5000m T12-13 Bronze Neutres H
33%
Paris Athlétisme 400m T37 Or Neutres H
33%
Paris Athlétisme 200m T37 Or Neutres H
33%
Paris Athlétisme 200m T35 Argent Neutres H
33%
Paris Athlétisme 200m T35 Bronze Neutres H
33%
Paris Athlétisme 1500m T45-46 Or Neutres H
33%
Paris Athlétisme 1500m T12-13 Or Neutres H
33%
Paris Athlétisme 1500m T12-13 Bronze Neutres H
33%
Paris Athlétisme 100m T37 Bronze Neutres H
33%
Paris Athlétisme 100m T35 Argent Neutres H
33%
Paris Athlétisme 100m T35 Bronze Neutres H
33%
Paris Athlétisme Saut en longueur T12 Argent Ouzbékistan H
33%
Tokyo Tennis de table Classe 9 Bronze Pologne F
33%
Tokyo Tennis de table Classe 10 Bronze Pologne F
33%
Tokyo Athlétisme 100m T45-46-47 Argent Pologne H
33%
Paris Tennis de table Classe 9 Or Pologne F
33%
Paris Tennis de table Classe 10 Argent Pologne F
33%
Paris Tennis de table Classe 1-2 Bronze Pologne F
33%
Paris Tennis de table Classe 4 Argent Serbie F
33%
Tokyo Tennis de table Classe 10 Bronze Taïwan F
33%
Paris Tennis de table Classe 10 Bronze Taïwan F
33%
Tokyo Athlétisme 800m T33-34 Or Tunisie H
33%
Tokyo Athlétisme 400m T38 Argent Tunisie H
33%
Tokyo Athlétisme 400m T12 Bronze Tunisie H
33%
Tokyo Athlétisme 1500m T12-13 Argent Tunisie H
33%
Tokyo Athlétisme 100m T34 Or Tunisie H
33%
Paris Athlétisme Marathon T11-12 Or Tunisie H
33%
Paris Athlétisme 1500m T37-38 Or Tunisie H
33%
Paris Athlétisme 100m T34 Argent Tunisie H
33%
Tokyo Tennis de table Classe 7 Bronze Turquie F
33%
Paris Tennis de table Classe 7 Bronze Turquie F
33%
Paris Tennis de table classe 11 Bronze Turquie F
33%
Paris Athlétisme 100m T12 Or Turquie H
33%
Tokyo Tennis de table Classe 6 Or Ukraine F
33%
Tokyo Athlétisme Saut en longueur T37 Or Ukraine H
33%
Tokyo Athlétisme Saut en longueur T36 Bronze Ukraine H
33%
Tokyo Athlétisme 200m T35 Argent Ukraine H
33%
Tokyo Athlétisme 100m T35 Argent Ukraine H
33%
Paris Tennis de table Classe 6 Argent Ukraine F
33%
Paris Athlétisme Saut en longueur T36 Bronze Ukraine H
33%
Paris Athlétisme 200m T35 Or Ukraine H
33%
Paris Athlétisme 100m T35 Or Ukraine H
33%
Tokyo Athlétisme 400m T20 Argent Venezuela H
33%
Paris Athlétisme 400m T11 Or Venezuela H
33%
Paris Athlétisme 400m T11 Bronze Cameroun H
0%
Paris Athlétisme 100m T51 Or Canade H
0%
Tokyo Athlétisme Saut en longueur T45-46-47 Or Cuba H
0%
Tokyo Athlétisme Saut en longueur T12 Argent Cuba H
0%
Paris Athlétisme Saut en longueur T45-46-47 Or Cuba H
0%
Tokyo Tennis de table classe 11 Bronze Hong Kong F
0%
Paris Athlétisme 400m T37 Bronze Hong Kong H
0%
Paris Athlétisme 400m T12 Bronze Hong Kong H
0%
Paris Athlétisme 1500m T12-13 Argent Hong Kong H
0%
Tokyo Tennis de table Classe 9 Bronze Hongrie F
0%
Paris Tennis de table Classe 9 Bronze Hongrie F
0%
Paris Athlétisme 5000m T53-54 Bronze Koweït H
0%
Paris Athlétisme 400m T20 Bronze Maurice H
0%
Tokyo Athlétisme 400m T13 Bronze Namibie H
0%
Tokyo Athlétisme 400m T11 Argent Namibie H
0%
Tokyo Athlétisme 1500m T45-46 Bronze Ouganda H
0%
Aucun quiz correspondant
Distribution des résultats
% des personnes avec chaque résultat
Percentile par nombre de réponses
Votre historique - résultats
Vous n’avez pas pris ce quiz